Đèn không hắt bóng : Dịch theo bản tiếng Nga của G. Dutkina và V. Veniaminov
Đã lưu trong:
| 主要作者: | |
|---|---|
| 格式: | 圖書 |
| 語言: | Undetermined |
| 出版: |
Thành phố Hồ Chí Minh
Văn Nghệ
2000
|
| 主題: | |
| 標簽: |
添加標簽
沒有標簽, 成為第一個標記此記錄!
|
| Thư viện lưu trữ: | Trung tâm Học liệu Trường Đại học Cần Thơ |
|---|
| LEADER | 00598nam a2200181Ia 4500 | ||
|---|---|---|---|
| 001 | CTU_48543 | ||
| 008 | 210402s9999 xx 000 0 und d | ||
| 082 | |a 895.65 | ||
| 082 | |b W324 | ||
| 100 | |a Watanabe, Dzyunich | ||
| 245 | 0 | |a Đèn không hắt bóng : | |
| 245 | 0 | |b Dịch theo bản tiếng Nga của G. Dutkina và V. Veniaminov | |
| 245 | 0 | |c Dzyunich Watanabe ; Cao Xuân Hạo | |
| 260 | |a Thành phố Hồ Chí Minh | ||
| 260 | |b Văn Nghệ | ||
| 260 | |c 2000 | ||
| 650 | |a japanese fiction ( vietnamese ) | ||
| 980 | |a Trung tâm Học liệu Trường Đại học Cần Thơ | ||